Tracing the consequences of child poverty :

Bibliografske podrobnosti
Glavni avtor: Boyden, Jo
Format: Elektronski eKnjiga
Jezik:English
Izdano: Oxford University Press
Teme:
Online dostop:Full text available on Oxford Academic
Off-campus access
LEADER 01135pam a2200253 a 4500
001 AALebookCAM000277
003 BD-DhAAL
006 m||||||||d||||||||
007 cr||||||||||||
008 221122s9999 xxuabf fo j 001 0 eng d
020 |a 9781447348481 (ebook) : 
040 |a BD-DhAAL  |c BD-DhAAL 
100 1 |a Boyden, Jo, 
245 0 0 |h [electronic resource]  |a Tracing the consequences of child poverty : 
260 |b Oxford University Press 
300 |a 1 online resource 
500 |a <strong>Off-Campus Access:</strong> Athens ID and Password Required 
500 |a <strong>On-Campus Access:</strong> No User ID or Password Required 
506 |a Electronic access restricted to authorized BRAC University faculty, staff and students 
538 |a Mode of access: Internet 
650 4 |a Poor children;Child development;Poverty 
655 |a Electronic books  |2 Library of Congress 
856 4 0 |z Full text available on Oxford Academic  |u http://dx.doi.org/10.1332/policypress/9781447348313.001.0001 
856 4 0 |z Off-campus access  |u https://go.openathens.net/redirector/bracu.ac.bd?url=http://dx.doi.org/10.1332/policypress/9781447348313.001.0001